[Event "Bad Woerishofen op 38th"]
[Site "Bad Woerishofen"]
[Date "2023.03.09"]
[Round "7"]
[White "Hohlfeld, Wolfgang"]
[Black "De Santis, Alessio"]
[Result "1/2-1/2"]
[WhiteElo "2056"]
[BlackElo "2130"]
[PlyCount "56"]
[EventDate "2023.03.03"]
[EventType "swiss"]
[EventRounds "9"]
[EventCountry "GER"]
[SourceTitle "CBM 213 Extra"]
[Source "ChessBase"]
[SourceDate "2023.05.31"]
[SourceVersion "1"]
[SourceVersionDate "2023.05.31"]
[SourceQuality "1"]

1. e4 c5 2. c3 Qa5 3. Na3 d6 4. Nc4 Qc7 5. Nf3 g6 6. g3 Bg7 7. Bg2 Nc6 8. 0-0 Bg4 9. h3 Bxf3 10. Bxf3 e6 11. d3 Nge7 12. Bf4 Ne5 13. Bg2 0-0 14. Na3 N7c6 15. Be3 Qb6 16. Qe2 Qa6 17. Rfd1 Nd7 18. Nc4 Nce5 19. f4 Nxc4 20. dxc4 Rfd8 21. Rd2 Nb6 22. Bf1 Rac8 23. Rad1 Qxa2 24. Rxd6 Rxd6 25. Rxd6 Bf8 26. Rd2 Qb1 27. e5 Qe4 28. Bf2 Qxe2 1/2-1/2

[Event "Hamburg-chT Landesliga 1819"]
[Site "Hamburg"]
[Date "2019.04.13"]
[Round "8.5"]
[White "Hohlfeld, Wolfgang"]
[Black "Schneider, Alexander2222"]
[Result "1-0"]
[WhiteElo "2057"]
[BlackElo "2124"]
[PlyCount "45"]
[EventDate "2018.10.21"]
[EventType "team-tourn"]
[EventRounds "9"]
[EventCountry "GER"]
[SourceTitle "EXT 2020"]
[Source "ChessBase"]
[SourceDate "2019.10.17"]
[SourceVersion "1"]
[SourceVersionDate "2019.10.17"]
[SourceQuality "1"]
[WhiteTeam "Hamburg Diogenes II"]
[BlackTeam "Fischbek"]
[WhiteTeamCountry "GER"]
[BlackTeamCountry "GER"]

1. e4 c5 2. c3 d5 3. exd5 Qxd5 4. d4 Nf6 5. Nf3 g6 6. Be2 Bg7 7. 0-0 cxd4 8. Nxd4 0-0 9. Be3 e5 10. Nb5 Nc6 11. Nc7 Qxd1 12. Rxd1 Rb8 13. Bc5 Bf5 14. Bxf8 Bxf8 15. Nd5 Nxd5 16. Rxd5 Be6 17. Rd1 f5 18. Nd2 b5 19. a4 b4 20. Bb5 Na5 21. Nf3 Nb3 22. Rab1 Rc8 23. cxb4 1-0

[Event "Hamburg-chT Landesliga 1819"]
[Site "Hamburg"]
[Date "2018.12.16"]
[Round "4.5"]
[White "Ludwig, Jan"]
[Black "Hohlfeld, Wolfgang"]
[Result "1/2-1/2"]
[WhiteElo "2070"]
[BlackElo "2057"]
[PlyCount "58"]
[EventDate "2018.10.21"]
[EventType "team-tourn"]
[EventRounds "9"]
[EventCountry "GER"]
[SourceTitle "EXT 2020"]
[Source "ChessBase"]
[SourceDate "2019.10.17"]
[SourceVersion "1"]
[SourceVersionDate "2019.10.17"]
[SourceQuality "1"]
[WhiteTeam "Hamburg Weisse Dame"]
[BlackTeam "Hamburg Diogenes II"]
[WhiteTeamCountry "GER"]
[BlackTeamCountry "GER"]

1. e4 c5 2. Nf3 d6 3. d4 cxd4 4. Nxd4 Nf6 5. Nc3 g6 6. Be3 Bg7 7. f3 0-0 8. Qd2 Nc6 9. 0-0-0 d5 10. exd5 Nxd5 11. Nxc6 bxc6 12. Bd4 Nxc3 13. Bxc3 Qxd2+ 14. Kxd2 Rd8+ 15. Bd3 Bf5 16. Rhe1 Bxd3 17. cxd3 e6 18. Re4 Rd5 19. Rc4 Rad8 20. Ke2 Bxc3 21. Rxc3 Ra5 22. a3 Rb5 23. Rc2 Rdb8 24. b4 a5 25. Rxc6 axb4 26. axb4 Rxb4 27. Rc2 Rb2 28. Ke3 Kg7 29. h3 h5 1/2-1/2

[Event "GER-chT Betriebe 18th"]
[Site "Altenberg Zinnwald"]
[Date "2018.11.08"]
[Round "2.1"]
[White "Hohlfeld, Wolfgang"]
[Black "Koscielski, Janusch"]
[Result "1/2-1/2"]
[WhiteElo "2056"]
[BlackElo "2320"]
[PlyCount "119"]
[EventDate "2018.11.08"]
[EventType "team-swiss"]
[EventRounds "7"]
[EventCountry "GER"]
[SourceTitle "EXT 2020"]
[Source "ChessBase"]
[SourceDate "2019.10.17"]
[SourceVersion "1"]
[SourceVersionDate "2019.10.17"]
[SourceQuality "1"]
[WhiteTeam "Hamburg Baubehoerde"]
[BlackTeam "Herne Wanne Eickel EKJ"]
[WhiteTeamCountry "GER"]
[BlackTeamCountry "GER"]

1. e4 c5 2. c3 d5 3. exd5 Qxd5 4. d4 Nf6 5. Nf3 Bg4 6. Be2 e6 7. h3 Bh5 8. 0-0 Nc6 9. Be3 cxd4 10. Nxd4 Bxe2 11. Qxe2 Nxd4 12. Bxd4 Be7 13. Rd1 Qc6 14. Nd2 0-0 15. Nf3 Rfd8 16. Ne5 Qc7 17. Ng4 Nxg4 18. Qxg4 g6 19. Be3 a6 20. Bg5 Bxg5 21. Qxg5 Rd7 22. h4 Rad8 23. Rxd7 Rxd7 24. Re1 Rd5 25. Qe3 h5 26. g3 Qd6 27. Qf3 b5 28. Qe3 Kg7 29. a3 Kg8 30. Re2 Rd3 31. Qe4 Rd1+ 32. Re1 Qd5 33. Qe3 Rd3 34. Qe4 Rd2 35. Qxd5 exd5 36. Re8+ Kg7 37. Ra8 Rxb2 38. Rxa6 Rb3 39. Rd6 Rxc3 40. Rxd5 Rb3 41. Kf1 Kf6 42. Ke2 Ke6 43. Rd3 Rb2+ 44. Ke3 Ke5 45. f4+ Kf5 46. Kf3 Rb1 47. Rd5+ Ke6 48. Rd3 Rc1 49. Ke4 Rc4+ 50. Kf3 Rc8 51. Ke4 Rc4+ 52. Kf3 Ra4 53. Rb3 Ra8 54. Rd3 Ra4 55. Rb3 Ra5 56. Rd3 Ra4 57. Ke3 Rc4 58. Kf3 Rc5 59. Ke4 Rc4+ 60. Kf3 1/2-1/2

[Event "Arber op 7th"]
[Site "Bodenmais"]
[Date "2018.08.05"]
[Round "9"]
[White "Hohlfeld, Wolfgang"]
[Black "Schmahl, Stephan"]
[Result "1/2-1/2"]
[WhiteElo "2062"]
[BlackElo "2148"]
[PlyCount "54"]
[EventDate "2018.07.28"]
[EventType "swiss"]
[EventRounds "9"]
[EventCountry "GER"]
[SourceTitle "EXT 2019"]
[Source "ChessBase"]
[SourceDate "2018.10.10"]
[SourceVersion "1"]
[SourceVersionDate "2018.10.10"]
[SourceQuality "1"]

1. d4 Nf6 2. Nf3 g6 3. g3 Bg7 4. Bg2 0-0 5. 0-0 d6 6. c4 Nbd7 7. Nc3 e5 8. e3 c6 9. b3 Qa5 10. Bb2 Re8 11. a3 Nf8 12. b4 Qc7 13. Rc1 Bg4 14. h3 Bxf3 15. Bxf3 Qd7 16. Bg2 h5 17. dxe5 dxe5 18. Qxd7 N8xd7 19. b5 e4 20. Na4 Bf8 21. Rfd1 cxb5 22. cxb5 Rac8 23. b6 axb6 24. Nxb6 Rxc1 25. Rxc1 Nxb6 26. Bxf6 Bxa3 27. Rb1 Nd7 1/2-1/2

[Event "Arber op 7th"]
[Site "Bodenmais"]
[Date "2018.08.02"]
[Round "6"]
[White "Vennemann, Juergen"]
[Black "Hohlfeld, Wolfgang"]
[Result "0-1"]
[WhiteElo "1887"]
[BlackElo "2062"]
[PlyCount "88"]
[EventDate "2018.07.28"]
[EventType "swiss"]
[EventRounds "9"]
[EventCountry "GER"]
[SourceTitle "CBM 185 Extra"]
[Source "ChessBase"]
[SourceDate "2018.07.29"]
[SourceVersion "1"]
[SourceVersionDate "2018.07.29"]
[SourceQuality "1"]

1. d4 d5 2. c4 dxc4 3. e3 e5 4. Bxc4 exd4 5. Qb3 Qe7 6. Nf3 Qb4+ 7. Bd2 Qxb3 8. axb3 dxe3 9. Bxe3 Bb4+ 10. Nc3 Nf6 11. 0-0 0-0 12. Nb5 Na6 13. Nxa7 Bd7 14. Ne5 Nc5 15. Nxd7 Nfxd7 16. Nb5 c6 17. Nd6 Rxa1 18. Rxa1 b5 19. Be2 Nxb3 20. Rd1 Nf6 21. Bf3 Rd8 22. Nf5 Rxd1+ 23. Bxd1 Na5 24. Nd4 Nd5 25. Bf3 Nxe3 26. fxe3 Bc5 27. b4 Bxb4 28. Nxc6 Bc3 29. Nxa5 Bxa5 30. Kf2 Kf8 31. Bc6 b4 32. Ba4 Ke7 33. Bb3 f6 34. Kf3 Bc7 35. h3 f5 36. Bc2 Kf6 37. Bb3 Ke5 38. g3 g5 39. Kf2 Bd8 40. Bc2 Bb6 41. Ke2 h5 42. Kf2 f4 43. gxf4+ gxf4 44. Kf3 fxe3 0-1

[Event "Arber op 7th"]
[Site "Bodenmais"]
[Date "2018.07.30"]
[Round "3"]
[White "Hohlfeld, Wolfgang"]
[Black "Neumann, Lutz"]
[Result "1/2-1/2"]
[WhiteElo "2062"]
[BlackElo "1815"]
[PlyCount "49"]
[EventDate "2018.07.28"]
[EventType "swiss"]
[EventRounds "9"]
[EventCountry "GER"]
[SourceTitle "CBM 185 Extra"]
[Source "ChessBase"]
[SourceDate "2018.07.29"]
[SourceVersion "1"]
[SourceVersionDate "2018.07.29"]
[SourceQuality "1"]

1. e4 e6 2. d4 d5 3. e5 c5 4. c3 Qb6 5. Nf3 Nc6 6. Bd3 Nge7 7. 0-0 cxd4 8. cxd4 Bd7 9. Nc3 a6 10. Bc2 Ng6 11. a3 Be7 12. Qd3 Na5 13. Bg5 Rc8 14. Na4 Qc7 15. Rfc1 Bb5 16. Qd1 Bxg5 17. Nxg5 Qd8 18. Nf3 0-0 19. Nc3 Bd7 20. Qd3 Nc4 21. Rab1 b5 22. Re1 Qc7 23. Ne2 Nxa3 24. Qxa3 Qxc2 25. Qxa6 1/2-1/2

[Event "GER-chT Seniors 26th"]
[Site "Templin"]
[Date "2017.09.28"]
[Round "4.2"]
[White "Koehler, Gerhard"]
[Black "Hohlfeld, Wolfgang"]
[Result "1-0"]
[WhiteElo "2192"]
[BlackElo "2079"]
[PlyCount "95"]
[EventDate "2017.09.25"]
[EventType "team-swiss"]
[EventRounds "7"]
[EventCountry "GER"]
[SourceTitle "EXT 2019"]
[Source "ChessBase"]
[SourceDate "2018.10.10"]
[SourceVersion "1"]
[SourceVersionDate "2018.10.10"]
[SourceQuality "1"]
[WhiteTeam "Sachsen Anhalt"]
[BlackTeam "Hamburg"]
[WhiteTeamCountry "GER"]
[BlackTeamCountry "GER"]

1. c4 Nf6 2. Nc3 c6 3. Nf3 d5 4. e3 g6 5. d4 Bg7 6. Bd3 0-0 7. 0-0 Nbd7 8. b3 e5 9. cxd5 cxd5 10. Be2 e4 11. Nd2 Nb8 12. Ba3 Re8 13. Nb5 Re6 14. Rc1 Nc6 15. Rc2 a6 16. Nc3 b5 17. Bc5 b4 18. Na4 Rb8 19. Re1 Nd7 20. Nf1 f5 21. Qd2 h6 22. Rec1 Kh7 23. Qd1 Bb7 24. Qe1 Bc8 25. Qd2 Rf6 26. f3 Re6 27. f4 Qf6 28. g4 g5 29. gxf5 Qxf5 30. Ng3 Qh3 31. f5 Rf6 32. Bxb4 Nxb4 33. Rxc8 Rxc8 34. Rxc8 a5 35. a3 Nc6 36. Rc7 Rd6 37. Bb5 Ncb8 38. Nc5 Nf6 39. Ne6 Nbd7 40. Qg2 Qh4 41. Nf1 Qe1 42. Qg3 Qxg3+ 43. hxg3 Kg8 44. Ra7 Bf8 45. Rxa5 Be7 46. Ra7 Kf7 47. a4 Nb8 48. a5 1-0

[Event "GER-chT Seniors 26th"]
[Site "Templin"]
[Date "2017.09.27"]
[Round "3.3"]
[White "Brauer, Christian E"]
[Black "Hohlfeld, Wolfgang"]
[Result "1/2-1/2"]
[WhiteElo "2094"]
[BlackElo "2079"]
[PlyCount "33"]
[EventDate "2017.09.25"]
[EventType "team-swiss"]
[EventRounds "7"]
[EventCountry "GER"]
[SourceTitle "EXT 2019"]
[Source "ChessBase"]
[SourceDate "2018.10.10"]
[SourceVersion "1"]
[SourceVersionDate "2018.10.10"]
[SourceQuality "1"]
[WhiteTeam "Sachsen II"]
[BlackTeam "Hamburg"]
[WhiteTeamCountry "GER"]
[BlackTeamCountry "GER"]

1. c4 Nf6 2. Nf3 c6 3. e3 d5 4. Qc2 g6 5. Nc3 Bg7 6. b3 Bf5 7. d3 Na6 8. Nd4 Bd7 9. Bb2 0-0 10. Be2 Bg4 11. 0-0 Nb4 12. Qd1 Bxe2 13. Qxe2 c5 14. Nf3 Nc6 15. Rfe1 Re8 16. Rad1 e6 17. h3 1/2-1/2

[Event "GER-chT Betriebe 16th"]
[Site "Dresden"]
[Date "2016.11.05"]
[Round "6.1"]
[White "Bangert, Udo"]
[Black "Hohlfeld, Wolfgang"]
[Result "0-1"]
[WhiteElo "1905"]
[BlackElo "2102"]
[PlyCount "84"]
[EventDate "2016.11.03"]
[EventType "team-swiss"]
[EventRounds "7"]
[EventCountry "GER"]
[SourceTitle "EXT 2020"]
[Source "ChessBase"]
[SourceDate "2019.10.17"]
[SourceVersion "1"]
[SourceVersionDate "2019.10.17"]
[SourceQuality "1"]
[WhiteTeam "Stuttgart Stern"]
[BlackTeam "Hamburg Baubehoerde"]
[WhiteTeamCountry "GER"]
[BlackTeamCountry "GER"]

1. e4 c5 2. Nf3 d6 3. d4 cxd4 4. Nxd4 Nf6 5. Nc3 g6 6. Be2 Bg7 7. Be3 Nc6 8. Nb3 0-0 9. f4 Be6 10. 0-0 Na5 11. Kh1 Nc4 12. Bxc4 Bxc4 13. Re1 b6 14. Bd4 Rc8 15. Qf3 Qd7 16. h3 Ba6 17. Rad1 Bb7 18. Qf2 Rc4 19. Rd2 Rfc8 20. Rde2 e5 21. fxe5 dxe5 22. Bxe5 Ng4 23. hxg4 Bxe5 24. Nd5 Bxb2 25. Rd1 Qe6 26. Nd4 Rxd4 27. Rxd4 Bxd4 28. Qxd4 Bxd5 29. Qxd5 Qxg4 30. Rd2 Re8 31. Rd4 Qh4+ 32. Kg1 Qe1+ 33. Kh2 Qc3 34. e5 Qxc2 35. Rf4 Qc7 36. Re4 Qe7 37. g3 Qe6 38. Qb7 Qxa2+ 39. Kh3 Qe6+ 40. Kh4 Re7 41. Qa8+ Kg7 42. Kg5 Qf5+ 0-1

[Event "GER-chT Betriebe 16th"]
[Site "Dresden"]
[Date "2016.11.05"]
[Round "5.1"]
[White "Hohlfeld, Wolfgang"]
[Black "Koscielski, Janusch"]
[Result "0-1"]
[WhiteElo "2102"]
[BlackElo "2332"]
[PlyCount "68"]
[EventDate "2016.11.03"]
[EventType "team-swiss"]
[EventRounds "7"]
[EventCountry "GER"]
[SourceTitle "EXT 2020"]
[Source "ChessBase"]
[SourceDate "2019.10.17"]
[SourceVersion "1"]
[SourceVersionDate "2019.10.17"]
[SourceQuality "1"]
[WhiteTeam "Hamburg Baubehoerde"]
[BlackTeam "Herne Wanne Eickel EKJ"]
[WhiteTeamCountry "GER"]
[BlackTeamCountry "GER"]

1. e4 c5 2. c3 d5 3. exd5 Qxd5 4. d4 Nf6 5. Nf3 Bg4 6. Be2 e6 7. h3 Bh5 8. 0-0 Nc6 9. Be3 cxd4 10. cxd4 Bb4 11. Nc3 Qd6 12. a3 Ba5 13. b4 Bb6 14. Nb5 Qd8 15. Ne5 Bxe2 16. Qxe2 0-0 17. Nxc6 bxc6 18. Nc3 Qd6 19. Qf3 Rac8 20. Rfd1 Nd5 21. Ne4 Qe7 22. Bg5 f6 23. Bh4 g5 24. Bg3 f5 25. Nc3 f4 26. Bh2 Qg7 27. Nxd5 cxd5 28. Qg4 Rf5 29. Rac1 Rxc1 30. Rxc1 Qxd4 31. Qh5 Qxf2+ 32. Kh1 Qe3 33. Rf1 f3 34. gxf3 Qe2 0-1

[Event "Hamburg-chT Landesliga 1516"]
[Site "Hamburg"]
[Date "2016.04.23"]
[Round "8.1"]
[White "Hohlfeld, Wolfgang"]
[Black "Fries Nielsen, Niels Jorgen"]
[Result "1/2-1/2"]
[WhiteElo "2023"]
[BlackElo "2300"]
[PlyCount "62"]
[EventDate "2015.09.20"]
[EventType "team-tourn"]
[EventRounds "9"]
[EventCountry "GER"]
[SourceTitle "EXT 2022"]
[Source "ChessBase"]
[SourceDate "2021.10.06"]
[SourceVersion "1"]
[SourceVersionDate "2021.10.06"]
[SourceQuality "1"]
[WhiteTeam "Hamburg Diogenes II"]
[BlackTeam "Harburg Diagonale"]
[WhiteTeamCountry "GER"]
[BlackTeamCountry "GER"]

1. e4 d6 2. d4 a6 3. Nf3 Nf6 4. Bd3 Nc6 5. 0-0 Bg4 6. c3 e5 7. d5 Ne7 8. h3 Bc8 9. c4 Ng6 10. Nc3 Be7 11. Be3 0-0 12. b4 Nh5 13. Ne2 f5 14. exf5 Bxf5 15. Bxf5 Rxf5 16. Ng3 Nxg3 17. fxg3 Qd7 18. Qc2 a5 19. b5 b6 20. Nd2 Raf8 21. Rxf5 Qxf5 22. Qxf5 Rxf5 23. Rf1 Rxf1+ 24. Kxf1 Nf8 25. Ne4 Nd7 26. Ke2 Kf7 27. Kf3 Kg6 28. g4 h6 29. Bf2 Kf7 30. Be3 Kg6 31. Bf2 Kf7 1/2-1/2

[Event "GER-chT Betriebe 14th"]
[Site "Dresden"]
[Date "2014.11.21"]
[Round "3.1"]
[White "Seger, Ruediger"]
[Black "Hohlfeld, Wolfgang"]
[Result "1/2-1/2"]
[WhiteElo "2372"]
[BlackElo "2102"]
[PlyCount "66"]
[EventDate "2014.11.20"]
[EventType "team-swiss"]
[EventRounds "7"]
[EventCountry "GER"]
[SourceTitle "EXT 2020"]
[Source "ChessBase"]
[SourceDate "2019.10.17"]
[SourceVersion "1"]
[SourceVersionDate "2019.10.17"]
[SourceQuality "1"]
[WhiteTeam "Bonn Deutsche Post"]
[BlackTeam "Hamburg Baubehoerde"]
[WhiteTeamCountry "GER"]
[BlackTeamCountry "GER"]

1. e4 c5 2. b3 Nc6 3. Bb2 Nf6 4. e5 Nd5 5. Nf3 e6 6. g3 Be7 7. Bg2 0-0 8. 0-0 d6 9. exd6 Qxd6 10. Na3 Bf6 11. Nc4 Qc7 12. Bxf6 Nxf6 13. Re1 b6 14. a4 Bb7 15. a5 Rad8 16. axb6 axb6 17. d3 b5 18. Nce5 Ra8 19. Nxc6 Bxc6 20. Ne5 Bxg2 21. Kxg2 Rxa1 22. Qxa1 Qb7+ 23. Kg1 Nd5 24. Ng4 h5 25. Ne3 Nxe3 26. Rxe3 Ra8 27. Qd1 Ra2 28. Re1 g6 29. h4 Qd5 30. Qb1 Qa8 31. Qd1 Qd5 32. Qb1 Qa8 33. Qd1 Qd5 1/2-1/2

[Event "GER-chT Betriebe 14th"]
[Site "Dresden"]
[Date "2014.11.20"]
[Round "2.1"]
[White "Hohlfeld, Wolfgang"]
[Black "Heinrich, Thomas"]
[Result "1/2-1/2"]
[WhiteElo "2102"]
[BlackElo "2224"]
[PlyCount "47"]
[EventDate "2014.11.20"]
[EventType "team-swiss"]
[EventRounds "7"]
[EventCountry "GER"]
[SourceTitle "EXT 2020"]
[Source "ChessBase"]
[SourceDate "2019.10.17"]
[SourceVersion "1"]
[SourceVersionDate "2019.10.17"]
[SourceQuality "1"]
[WhiteTeam "Hamburg Baubehoerde"]
[BlackTeam "Leipzig Publishing Services"]
[WhiteTeamCountry "GER"]
[BlackTeamCountry "GER"]

1. e4 c5 2. c3 d6 3. d4 Nf6 4. dxc5 Nc6 5. f3 d5 6. exd5 Nxd5 7. c4 Ndb4 8. a3 Qxd1+ 9. Kxd1 Na6 10. b4 Nd4 11. Be3 Nb3 12. Ra2 Bf5 13. Nd2 0-0-0 14. Ne2 e5 15. Rb2 Nxd2 16. Rxd2 Be7 17. Nc3 Rxd2+ 18. Kxd2 Rd8+ 19. Kc1 Nc7 20. Be2 Be6 21. Rd1 f5 22. Rxd8+ Kxd8 23. Nb5 a5 24. Nxc7 1/2-1/2

[Event "Hamburg St Pauli op-A"]
[Site "Hamburg"]
[Date "2010.07.14"]
[Round "6"]
[White "Hohlfeld, Wolfgang"]
[Black "Thiessen, Ulrich"]
[Result "1-0"]
[WhiteElo "2176"]
[BlackElo "2040"]
[PlyCount "77"]
[EventDate "2010.07.10"]
[EventType "swiss"]
[EventRounds "9"]
[EventCountry "GER"]
[SourceTitle "EXT 2013"]
[Source "ChessBase"]
[SourceDate "2012.11.22"]
[SourceVersion "1"]
[SourceVersionDate "2012.11.22"]
[SourceQuality "1"]

1. e4 e5 2. Nf3 Nc6 3. Bb5 a6 4. Ba4 Nf6 5. 0-0 Nxe4 6. d4 b5 7. Bb3 Be7 8. dxe5 0-0 9. Bd5 Ng5 10. Nbd2 Bb7 11. Re1 Ne6 12. Ne4 Nc5 13. Bf4 Nxe4 14. Bxe4 Na5 15. Bxb7 Nxb7 16. Qd5 c6 17. Qd2 d5 18. exd6 Bxd6 19. Rad1 Qf6 20. Bxd6 Rad8 21. Be5 Rxd2 22. Bxf6 Rxd1 23. Rxd1 gxf6 24. Kf1 Re8 25. Rd7 Rb8 26. Rc7 c5 27. Rc6 Na5 28. Rxa6 Nc4 29. b3 Nb6 30. Nd2 f5 31. Nf3 Rb7 32. g3 f6 33. Nh4 Kf7 34. Nxf5 Ke6 35. Ne3 Ke5 36. Ke2 f5 37. c3 Ke6 38. c4 Ke5 39. cxb5 1-0

[Event "Hamburg St Pauli op-A"]
[Site "Hamburg"]
[Date "2010.07.11"]
[Round "2"]
[White "Hohlfeld, Wolfgang"]
[Black "Schroeder, Kai Uwe"]
[Result "1/2-1/2"]
[WhiteElo "2176"]
[BlackElo "1832"]
[PlyCount "40"]
[EventDate "2010.07.10"]
[EventType "swiss"]
[EventRounds "9"]
[EventCountry "GER"]
[SourceTitle "EXT 2013"]
[Source "ChessBase"]
[SourceDate "2012.11.22"]
[SourceVersion "1"]
[SourceVersionDate "2012.11.22"]
[SourceQuality "1"]

1. d4 e6 2. c4 d5 3. Nf3 dxc4 4. e3 c5 5. Bxc4 Nf6 6. 0-0 cxd4 7. exd4 Be7 8. Nc3 a6 9. a4 Nc6 10. Re1 Nb4 11. Bg5 0-0 12. Qe2 Nfd5 13. Nxd5 Nxd5 14. Bxe7 Nxe7 15. Qe4 Nd5 16. Ne5 Nf6 17. Qh4 Nd5 18. Qe4 Nf6 19. Qe3 Nd5 20. Qe4 Nf6 1/2-1/2

[Event "Bayern-chI Bank Hofmann 12th"]
[Site "Bad Wiessee"]
[Date "2008.11.09"]
[Round "9"]
[White "Salvermoser, Bernd"]
[Black "Hohlfeld, Wolfgang"]
[Result "1-0"]
[WhiteElo "2304"]
[BlackElo "2154"]
[PlyCount "53"]
[EventDate "2008.11.01"]
[EventType "swiss"]
[EventRounds "9"]
[EventCountry "GER"]
[SourceTitle "EXT 2009"]
[Source "ChessBase"]
[SourceDate "2008.11.26"]
[SourceVersion "1"]
[SourceVersionDate "2008.11.26"]
[SourceQuality "1"]

1. d4 d5 2. c4 dxc4 3. Nf3 Nf6 4. e3 e6 5. Bxc4 c5 6. 0-0 cxd4 7. exd4 Be7 8. Nc3 0-0 9. Re1 Nc6 10. a3 a6 11. Ba2 b5 12. Qd3 Bb7 13. Bb1 g6 14. Bg5 Re8 15. Ba2 b4 16. Ne2 Qd6 17. Bf4 Qd8 18. Ng3 Nd5 19. Bh6 Qa5 20. Ne4 Rad8 21. h4 bxa3 22. bxa3 Nf6 23. Neg5 Bf8 24. Nxf7 Kxf7 25. Ng5+ Kg8 26. Rxe6 Nd5 27. Rxg6+ 1-0

[Event "Bayern-chI Bank Hofmann 11th"]
[Site "Bad Wiessee"]
[Date "2007.11.17"]
[Round "8"]
[White "Koepke, Christian"]
[Black "Hohlfeld, Wolfgang"]
[Result "1-0"]
[WhiteElo "2289"]
[BlackElo "2148"]
[PlyCount "67"]
[EventDate "2007.11.10"]
[EventType "swiss"]
[EventRounds "9"]
[EventCountry "GER"]
[SourceTitle "CBM 121 Extra"]
[Source "ChessBase"]
[SourceDate "2008.01.10"]
[SourceVersion "1"]
[SourceVersionDate "2008.01.10"]
[SourceQuality "1"]

1. e4 e5 2. Nf3 Nf6 3. Nxe5 d6 4. Nf3 Nxe4 5. Nc3 Nf6 6. d4 d5 7. Bd3 Bg4 8. h3 Bh5 9. Bf4 Be7 10. Qd2 c6 11. Ne5 Nbd7 12. g4 Bg6 13. Nxg6 hxg6 14. 0-0-0 Nf8 15. Bg3 Ne6 16. Kb1 Bd6 17. Rde1 Bxg3 18. fxg3 Kd7 19. g5 Ne8 20. h4 Nd6 21. Ne2 Qb6 22. c3 Rae8 23. Rhf1 Qd8 24. Ng1 Kc8 25. Nf3 c5 26. Re5 c4 27. Bc2 Qa5 28. Rfe1 Kd7 29. Qe2 Re7 30. Bxg6 Rhe8 31. Bc2 f6 32. gxf6 gxf6 33. Re3 Qd8 34. Bg6 1-0

[Event "GER-chT Betriebe"]
[Site "Berlin"]
[Date "2006.10.05"]
[Round "1.2"]
[White "Reiche, Andreas"]
[Black "Hohlfeld, Wolfgang"]
[Result "0-1"]
[WhiteElo "1985"]
[BlackElo "2155"]
[PlyCount "46"]
[EventDate "2006.10.05"]
[EventType "team-tourn"]
[EventRounds "7"]
[EventCountry "GER"]
[SourceTitle "EXT 2007"]
[Source "ChessBase"]
[SourceDate "2006.11.23"]
[SourceVersion "1"]
[SourceVersionDate "2006.11.23"]
[SourceQuality "1"]
[WhiteTeam "Gillette IV"]
[BlackTeam "Hamburg Baubehoerde"]
[WhiteTeamCountry "GER"]
[BlackTeamCountry "GER"]

1. e4 c5 2. Nf3 d6 3. d4 cxd4 4. Nxd4 Nf6 5. Bc4 Qa5+ 6. c3 e6 7. Qf3 Be7 8. 0-0 0-0 9. Nd2 Nc6 10. N2b3 Qc7 11. Nxc6 bxc6 12. Re1 e5 13. Bg5 Rb8 14. Rac1 a5 15. Rc2 Bb7 16. Rce2 Nxe4 17. Rxe4 Bxg5 18. Rg4 Qe7 19. Qf5 Bd2 20. Nxd2 Bc8 21. Qg5 Qxg5 22. Rxg5 Rxb2 23. Nf1 d5 0-1

[Event "Bayern-chI Bank Hofmann 8th"]
[Site "Bad Wiessee"]
[Date "2004.10.30"]
[Round "2"]
[White "Hohlfeld, Wolfgang"]
[Black "Milanovic, Danilo"]
[Result "0-1"]
[WhiteElo "2156"]
[BlackElo "2434"]
[PlyCount "50"]
[EventDate "2004.11.01"]
[EventType "swiss"]
[EventRounds "9"]
[EventCountry "GER"]
[SourceTitle "EXT 2005"]
[Source "ChessBase"]
[SourceDate "2004.11.15"]
[SourceVersion "1"]
[SourceVersionDate "2004.11.15"]
[SourceQuality "1"]

1. e4 c5 2. c3 Nf6 3. e5 Nd5 4. d4 cxd4 5. Nf3 e6 6. cxd4 d6 7. a3 Bd7 8. Bd3 Bc6 9. 0-0 Nd7 10. Ng5 dxe5 11. Nxe6 fxe6 12. Qh5+ g6 13. Bxg6+ hxg6 14. Qxg6+ Ke7 15. Bg5+ Kd6 16. Bxd8 Rxd8 17. dxe5+ Nxe5 18. Qg3 Bh6 19. Nc3 Bf4 20. Qg7 Bxh2+ 21. Kh1 Bf4+ 22. Kg1 Nf3+ 23. gxf3 Bh2+ 24. Kh1 Be5+ 25. Qxh8 Rxh8+ 0-1